[Event "Linares - Wimbledon of chess"]
[Site "SchemingMind.com"]
[Date "2010.01.27"]
[Round "-"]
[White "Uzi Mike"]
[Black "simon_w"]
[Result "1-0"]
[WhiteCountry "USA"]
[BlackCountry "IRL"]
[WhiteElo "2243"]
[WhiteRD "83"]
[BlackElo "1912"]
[BlackRD "83"]
[GameID "235957"]

1. d4 Nf6 2. c4 g6 3. g3 Bg7 4. Bg2 d5 5. cxd5 Nxd5 6. e4 Nb6 7. Ne2 O-O 8. Nbc3 c6 9. O-O e5 10. dxe5 Bxe5
11. Bh6 Bg7 12. Bxg7 Kxg7 13. Nf4 N8d7 14. Qd4+ Kg8 15. Rad1 Qc7 16. Nd3 c5 17. Qe3 Nc4 18. Qc1 Nce5 19. Nxe5 Qxe5 20. f4 Qe8
21. e5 c4 22. Nd5
1-0

[Event "Linares - Wimbledon of chess"]
[Site "SchemingMind.com"]
[Date "2010.01.23"]
[Round "-"]
[White "klagefall"]
[Black "Naoki_M"]
[Result "1-0"]
[WhiteCountry "GER"]
[BlackCountry "JPN"]
[WhiteElo "2042"]
[WhiteRD "73"]
[BlackElo "1627"]
[BlackRD "80"]
[GameID "235958"]

1. d4 Nf6 2. c4 c5 3. d5 e6 4. Nf3 exd5 5. cxd5 d6 6. Nc3 g6 7. Bf4 Bg7 8. Qa4+ Kf8 9. e4 Bd7 10. Bxd6+ Kg8
11. Qc2 b6 12. Be2 Ne8 13. Be5 Bxe5 14. Nxe5 Qf6 15. Nc4 Kg7 16. O-O Nd6 17. Ne3 Re8 18. f4 Qh4 19. g3 Qd8 20. e5 f5
21. Nc4 Ne4 22. Nxe4 fxe4 23. e6 Bc8 24. Qxe4 Kg8 25. f5 Qf6 26. Ne5 g5 27. Ng4 Qd4+ 28. Qxd4 cxd4 29. Nf6+ Kf8 30. Nxe8 Kxe8
31. f6
1-0

[Event "Linares - Wimbledon of chess"]
[Site "SchemingMind.com"]
[Date "2010.01.25"]
[Round "-"]
[White "Clive Everill"]
[Black "Kenny Elliott"]
[Result "0-1"]
[WhiteCountry "CZE"]
[BlackCountry "USA"]
[WhiteElo "1682"]
[WhiteRD "50"]
[BlackElo "1585"]
[BlackRD "82"]
[GameID "236130"]

1. e4 c5 2. c3 d5 3. exd5 Qxd5 4. d4 g6 5. Na3 Bg7 6. Nf3 Bg4 7. Be2 Bxf3 8. Bxf3 Qe6+ 9. Be3 cxd4 10. cxd4 Qb6
11. Qa4+ Kf8 12. Rc1 Na6 13. O-O Re8 14. Nc4 Qb4 15. Qd7 Nf6 16. Qh3 h5 17. Bg5 Qb5 18. Rfe1 Qxg5 19. Bxb7 Nb4 20. a3 Nbd5
21. Rc2 Nf4 22. Qf3 h4 23. Re5 Qh6 24. Na5 g5 25. Rec5 Qh5 26. Qxh5 Rxh5 27. Rc8 Ne6 28. Rxe8+ Nxe8 29. Nc6 Nd6 30. Ba8 Nxd4
31. Nxd4 Bxd4 32. b4 g4 33. g3 hxg3 34. hxg3 Rh3 35. Kg2 f5 36. f4 e5 37. fxe5 Bxe5 38. Re2 Nc4 39. Bd5 Bxg3 40. Bxc4 Kg7
41. Re7+ Kg6 42. Rxa7 Bf4 43. b5 Rh2+ 44. Kg1 g3 45. Bd5 Be3+ 46. Kf1 Bxa7 47. a4 Rf2+ 48. Ke1 g2
0-1

[Event "Linares - Wimbledon of chess"]
[Site "SchemingMind.com"]
[Date "2010.01.25"]
[Round "-"]
[White "Kenny Elliott"]
[Black "Clive Everill"]
[Result "0-1"]
[WhiteCountry "USA"]
[BlackCountry "CZE"]
[WhiteElo "1585"]
[WhiteRD "82"]
[BlackElo "1682"]
[BlackRD "50"]
[GameID "236132"]

1. d4 f5 2. c4 g6 3. Nc3 Bg7 4. Nf3 Nf6 5. e3 O-O 6. Bd3 d6 7. O-O Nc6 8. Ng5 e5 9. d5 Nb4 10. Ne6 Bxe6
11. dxe6 Nxd3 12. Qxd3 Qe7 13. Nb5 a6 14. Nc3 Qxe6 15. e4 f4 16. Nd5 Nxd5 17. cxd5 Qd7 18. a4 Qg4 19. f3 Qc8 20. Bd2 Kh8
21. Rac1 g5 22. Ba5 Rf7 23. h3 h5 24. Rc2 Rb8 25. Rfc1 b6 26. Be1 g4 27. hxg4 hxg4 28. Kf2 g3+ 29. Ke2 Bf6 30. Bd2 Rh7
31. Rc6 Rh2 32. Rg1 b5 33. axb5 Rxb5 34. Qa3 Qh3 35. Rxc7 Rxg2+ 36. Rxg2 Qxg2+ 37. Kd3 Qxf3+
0-1

[Event "Linares - Wimbledon of chess"]
[Site "SchemingMind.com"]
[Date "2010.02.16"]
[Round "-"]
[White "Frenchy"]
[Black "Gammon"]
[Result "1-0"]
[WhiteCountry "CAN"]
[BlackCountry "USA"]
[WhiteElo "1832"]
[WhiteRD "76"]
[BlackElo "1457"]
[BlackRD "52"]
[GameID "239090"]

1. e4 e6 2. d4 d5 3. Nc3 Nf6 4. Bg5 Be7 5. e5 Nfd7 6. Bxe7 Qxe7 7. f4 O-O 8. Nf3 c5 9. Qd2 Nc6 10. O-O-O c4
11. Nb5 Rb8 12. g4 Nb6 13. Nd6 Bd7 14. c3 Nc8 15. Nxc8 Rbxc8 16. Qc2 a5 17. f5 Qg5+ 18. Nxg5
1-0

[Event "Linares - Wimbledon of chess"]
[Site "SchemingMind.com"]
[Date "2010.02.16"]
[Round "-"]
[White "Gammon"]
[Black "Frenchy"]
[Result "1-0"]
[WhiteCountry "USA"]
[BlackCountry "CAN"]
[WhiteElo "1452"]
[WhiteRD "52"]
[BlackElo "1594"]
[BlackRD "59"]
[GameID "239094"]

1. c4 e5 2. Nc3 Nf6 3. Nf3 Nc6 4. a3 d5 5. cxd5 Nxd5 6. Qc2 Be7 7. e4 Nb6 8. Bb5 Qd6 9. a4 O-O 10. O-O Nd4
11. Nxd4 exd4 12. Ne2 c6 13. Bd3 g6 14. b3 Be6 15. Bb2 c5 16. a5 Nd7 17. Ba3 b6 18. Bb2 Ne5 19. a6 Nxd3 20. Qxd3
1-0

[Event "Linares - Wimbledon of chess"]
[Site "SchemingMind.com"]
[Date "2010.02.24"]
[Round "-"]
[White "Midlander"]
[Black "andy146"]
[Result "1-0"]
[WhiteCountry "ENG"]
[BlackCountry "POL"]
[WhiteElo "2253"]
[WhiteRD "78"]
[BlackElo "1818"]
[BlackRD "83"]
[GameID "239979"]

1. d4 Nf6 2. c4 e6 3. Nc3 Bb4 4. f3 O-O 5. a3 Bxc3+ 6. bxc3 c5 7. e4 d6 8. Bd3 Nc6 9. Ne2 b6 10. Bg5 h6
11. Bh4 e5 12. d5 Na5 13. Nc1 Ba6 14. Qe2 Rb8 15. O-O Qd7 16. Bxf6 gxf6 17. f4 Qa4 18. fxe5
1-0

[Event "Linares - Wimbledon of chess"]
[Site "SchemingMind.com"]
[Date "2010.02.25"]
[Round "-"]
[White "andy146"]
[Black "Midlander"]
[Result "0-1"]
[WhiteCountry "POL"]
[BlackCountry "ENG"]
[WhiteElo "1818"]
[WhiteRD "83"]
[BlackElo "2253"]
[BlackRD "78"]
[GameID "239982"]

1. d4 d5 2. c4 e6 3. Nc3 c5 4. Nf3 cxd4 5. Nxd4 e5 6. Ndb5 d4 7. Nd5 Na6 8. e3 Nf6 9. Nxf6+ Qxf6 10. exd4 Bb4+
11. Bd2 exd4 12. Bxb4 Nxb4 13. Nc7+ Kd8 14. Nxa8 Re8+ 15. Be2 d3 16. O-O Rxe2 17. a3 Qg6 18. axb4 Bh3 19. g3 Qe4
0-1

[Event "Linares - Wimbledon of chess"]
[Site "SchemingMind.com"]
[Date "2010.03.23"]
[Round "-"]
[White "klagefall"]
[Black "Number34"]
[Result "0-1"]
[WhiteCountry "GER"]
[BlackCountry "USA"]
[WhiteElo "2049"]
[WhiteRD "75"]
[BlackElo "2278"]
[BlackRD "68"]
[GameID "242805"]

1. d4 Nf6 2. c4 g6 3. Nc3 Bg7 4. e4 d6 5. Nf3 O-O 6. Be2 e5 7. d5 a5 8. Bg5 h6 9. Bh4 Na6 10. Nd2 Bd7
11. O-O Qe8 12. b3 Nh7 13. Kh1 h5 14. f3 Bf6 15. Bxf6 Nxf6 16. a3 Qe7 17. c5 Nxc5 18. b4 axb4 19. axb4 Na6 20. Bxa6 Rxa6
21. Rxa6 bxa6 22. Qa1 Ra8 23. Qa5 Qd8 24. Ra1 Rb8 25. Nc4 h4 26. Ne3 Nh5 27. Rb1 h3 28. g3= Qg5
0-1

[Event "Linares - Wimbledon of chess"]
[Site "SchemingMind.com"]
[Date "2010.03.23"]
[Round "-"]
[White "Number34"]
[Black "klagefall"]
[Result "1-0"]
[WhiteCountry "USA"]
[BlackCountry "GER"]
[WhiteElo "2278"]
[WhiteRD "68"]
[BlackElo "2049"]
[BlackRD "75"]
[GameID "242809"]

1. e4 e5 2. f4 Bc5 3. Nf3 d6 4. Bc4 Nf6 5. d3 Nc6 6. Nc3 Bg4 7. Na4 O-O 8. Nxc5 dxc5 9. c3 exf4 10. Bxf4 Nh5
11. Be3 Ne5 12. O-O Bxf3 13. Rxf3 Nxc4 14. dxc4 Qxd1+ 15. Rxd1 Rfe8 16. Rd7 Rxe4 17. Bxc5 b6 18. Bf2 Re2 19. Rfxf7 Rf8 20. Rxf8+ Kxf8
21. Rxc7 Rxb2 22. g3 Rxa2 23. c5 bxc5 24. Bxc5+ Kg8 25. Rxa7 Rxa7 26. Bxa7 Kf7 27. Bd4
1-0

[Event "Linares - Wimbledon of chess"]
[Site "SchemingMind.com"]
[Date "2010.04.21"]
[Round "-"]
[White "Midlander"]
[Black "Gammon"]
[Result "1-0"]
[WhiteCountry "ENG"]
[BlackCountry "USA"]
[WhiteElo "2253"]
[WhiteRD "78"]
[BlackElo "1452"]
[BlackRD "52"]
[GameID "246140"]

1. d4 Nf6 2. c4 c5 3. d5 e6 4. Nc3 exd5 5. cxd5 Bd6 6. g3 O-O 7. Bg2 Re8 8. Nf3 a6 9. a4 Bc7 10. d6 Ba5
11. Nd2 Nc6 12. O-O Rb8 13. Nde4 Bxc3 14. Nxc3 b5 15. axb5 axb5 16. Bg5 Nd4 17. Nd5 Re6 18. e3 Nf5 19. Bh3 Rxd6 20. Bxf6
1-0

[Event "Linares - Wimbledon of chess"]
[Site "SchemingMind.com"]
[Date "2010.04.21"]
[Round "-"]
[White "Gammon"]
[Black "Midlander"]
[Result "0-1"]
[WhiteCountry "USA"]
[BlackCountry "ENG"]
[WhiteElo "1415"]
[WhiteRD "54"]
[BlackElo "2256"]
[BlackRD "81"]
[GameID "246141"]

1. d4 e6 2. c4 b6 3. Nc3 Bb7 4. a3 f5 5. d5 Nf6 6. Nf3 Be7 7. g3 Ne4 8. Nxe4 fxe4 9. Ne5 exd5 10. cxd5 O-O
11. Bg2 Qe8 12. O-O Qh5 13. Nc4 Bxd5 14. Ne3 Bc6 15. b4 a5 16. Qb3+ Kh8 17. Qc4 axb4 18. Nc2 d5 19. Qb3 Ba4 20. Qb2 Bf6
21. Nd4 c5 22. Ne6 Bxb2
0-1

[Event "Linares - Wimbledon of chess"]
[Site "SchemingMind.com"]
[Date "2010.05.04"]
[Round "-"]
[White "Midlander"]
[Black "Number34"]
[Result "0-1"]
[WhiteCountry "ENG"]
[BlackCountry "USA"]
[WhiteElo "2191"]
[WhiteRD "73"]
[BlackElo "2280"]
[BlackRD "65"]
[GameID "247278"]

1. d4 Nf6 2. c4 g6 3. g3 Bg7 4. Bg2 O-O 5. Nc3 d6 6. Nf3 c6 7. O-O Qa5 8. e4 e5 9. h3 Nbd7 10. Re1 exd4
11. Nxd4 Ne5 12. Bf1 Re8 13. Be3 Be6 14. Nxe6 Rxe6 15. Kg2 Rae8 16. Rb1 Ned7 17. f3 Qc7 18. Bf2 h6 19. Qd2 a5 20. Red1 Nc5
21. Ne2 Nfxe4 22. fxe4 Nxe4 23. Qc2 Nxf2 24. Kxf2 Qe7 25. Nd4 Re3 26. Nf3 Qf6 27. Bg2 Re2+ 28. Qxe2 Rxe2+ 29. Kxe2 Qe6+ 30. Kd3 d5
31. Nd2 Qe5 32. cxd5 Qxg3+ 33. Bf3 cxd5 34. b4 a4 35. Rh1 Bf6 36. Rbg1= Qf4 37. Rg4 Qf5+ 38. Ke2 h5 39. Rg2 Bc3 40. Rd1 Bxb4
41. h4 Kg7 42. Rf2 b5 43. Bg2 Qe5+ 44. Kf1 Qd4 45. Bf3 Bc5 46. Rg2 b4 47. Nb1 Qc4+ 48. Re2 b3 49. a3 Qxh4 50. Rxd5 Qg3
0-1

[Event "Linares - Wimbledon of chess"]
[Site "SchemingMind.com"]
[Date "2010.05.05"]
[Round "-"]
[White "Number34"]
[Black "Midlander"]
[Result "1-0"]
[WhiteCountry "USA"]
[BlackCountry "ENG"]
[WhiteElo "2280"]
[WhiteRD "65"]
[BlackElo "2191"]
[BlackRD "73"]
[GameID "247282"]

1. e4 e5 2. f4 exf4 3. Bc4 Nf6 4. Nc3 c6 5. d4 Bb4 6. e5 Ne4 7. Qf3 d5 8. exd6 O-O 9. Bxf4 Nxd6 10. Bd3 Qh4+
11. g3 Re8+ 12. Ne2 Bg4 13. gxh4 Bxf3 14. O-O Bxe2 15. Nxe2 Ne4 16. Ng3 Nf6 17. Kh1 Nd5 18. Nf5 Nd7 19. Bh6 g6 20. h5 Re6
21. Rg1 Bf8 22. hxg6 hxg6 23. Rg3 Bxh6 24. Nxh6+ Kg7 25. Nf5+ Kf8 26. Rh3 Kg8 27. Rf1 gxf5 28. Bxf5 Rae8 29. Rg1+ Kf8 30. Rh8+ Ke7
31. Rxe8+ Kxe8 32. Bxe6 fxe6 33. Rg8+ Ke7 34. h4 Ne3 35. h5 Nf5 36. Rh8 Nf6 37. h6 Kf7 38. Rb8 b6 39. Rb7+ Kg6 40. c3 Nxh6
41. Rxa7 Nd5 42. c4 Nb4 43. Rb7 Nc2 44. Rxb6 Nxd4 45. a4 e5 46. Rb8 e4 47. a5 Kf7 48. Rb7+ Kf6 49. Kg2 e3 50. Rh7 Ng4
51. a6 e2 52. Rh1
1-0

[Event "Linares - Wimbledon of chess"]
[Site "SchemingMind.com"]
[Date "2010.05.26"]
[Round "-"]
[White "Clive Everill"]
[Black "Teagy"]
[Result "1-0"]
[WhiteCountry "CZE"]
[BlackCountry "ENG"]
[WhiteElo "1657"]
[WhiteRD "51"]
[BlackElo "1826"]
[BlackRD "78"]
[GameID "249960"]

1. e4 e5 2. Nc3 Nf6 3. f4 d5 4. fxe5 Nxe4 5. Qf3 Nxc3 6. bxc3 d4 7. Bc4 Be6 8. Bxe6 fxe6 9. Qxb7 Nd7 10. cxd4 Be7
11. Nf3 O-O 12. O-O Nb6 13. Qc6 Qd7 14. Qe4 c5 15. dxc5 Bxc5+ 16. d4 Be7 17. Bg5 Rac8 18. Be3 Nd5 19. Bd2 Rc4 20. Rfc1 Rfc8
21. Bg5
1-0

[Event "Linares - Wimbledon of chess"]
[Site "SchemingMind.com"]
[Date "2010.05.25"]
[Round "-"]
[White "Teagy"]
[Black "Clive Everill"]
[Result "1-0"]
[WhiteCountry "ENG"]
[BlackCountry "CZE"]
[WhiteElo "1829"]
[WhiteRD "81"]
[BlackElo "1649"]
[BlackRD "50"]
[GameID "249969"]

1. e4 Nc6 2. Nf3 f5 3. exf5 d5 4. Bb5 Qd6 5. Nd4 Bd7 6. Qh5+ g6 7. fxg6 Qxg6 8. Qxg6+ hxg6 9. Nxc6 bxc6 10. Ba4 Bg7
11. c3 Nf6 12. O-O Ng4 13. h3 Ne5 14. d4 Nd3 15. Bc2 Bf5 16. Bxd3 Bxd3 17. Re1 Kd7 18. Bf4 Raf8 19. Bg3 e6 20. Nd2 g5
21. Nb3 Bf5 22. Nc5+ Kc8 23. Nxe6 Bxe6 24. Rxe6 Kd7 25. Rae1 Bf6 26. R6e3 a5 27. Be5 Bxe5 28. Rxe5 Rhg8 29. b3 g4 30. hxg4 Rxg4
31. Re7+ Kc8 32. Rh7 Rgf4 33. f3 R4f7 34. Re7 Rxh7 35. Rxh7 Kb7 36. Kf2 a4 37. g4 axb3 38. axb3 Ra8 39. g5 Ra3 40. g6 Rxb3
41. g7
1-0

[Event "Linares - Wimbledon of chess"]
[Site "SchemingMind.com"]
[Date "2010.06.18"]
[Round "-"]
[White "David Hartley"]
[Black "Uzi Mike"]
[Result "0-1"]
[WhiteCountry "ENG"]
[BlackCountry "USA"]
[WhiteElo "1746"]
[WhiteRD "71"]
[BlackElo "2297"]
[BlackRD "73"]
[GameID "251933"]

1. e4 e6 2. d4 d5 3. Nc3 Bb4 4. e5 c5 5. a3 Bxc3+ 6. bxc3 Qc7 7. Nf3 Ne7 8. Be2 b6 9. O-O Ba6 10. Bxa6 Nxa6
11. Be3 Rc8 12. Qd3 cxd4 13. cxd4 Qc4 14. Qxc4 Rxc4 15. Rfc1 Kd7 16. c3 Rhc8 17. Bd2 Nc6 18. Ra2 f6 19. Rcc2 fxe5 20. dxe5 Nc5
21. Rab2 Nd3 22. Ra2 Ncxe5 23. Nxe5+ Nxe5 24. h3 d4 25. Ra1 dxc3 26. Be3 Nf7 27. Kf1 Nd6 28. Ke2 Ra4 29. Kd3 Nb5 30. g3 e5
31. f3 Kc6 32. Bf2 Rf8 33. Ke3 Kd5 34. Rcc1 Nd4
0-1

[Event "Linares - Wimbledon of chess"]
[Site "SchemingMind.com"]
[Date "2010.06.18"]
[Round "-"]
[White "Uzi Mike"]
[Black "David Hartley"]
[Result "1-0"]
[WhiteCountry "USA"]
[BlackCountry "ENG"]
[WhiteElo "2297"]
[WhiteRD "73"]
[BlackElo "1746"]
[BlackRD "71"]
[GameID "251936"]

1. e4 e5 2. Nf3 Nc6 3. Bb5 a6 4. Ba4 Nf6 5. O-O Be7 6. Nc3 b5 7. Bb3 d6 8. d3 Na5 9. Ne2 Nxb3 10. axb3 O-O
11. Ng3 Be6 12. d4 exd4 13. Nxd4 Bd7 14. Re1 h6 15. Ndf5 Re8 16. Bf4 Bc6 17. Qd4 Kh7 18. Qd3 Kh8 19. Nxg7 Kxg7 20. Nf5+ Kh8
21. Bxh6 Bf8 22. Bxf8 Rxf8 23. Qh3+ Nh7 24. Qc3+ Qf6 25. Qxc6 Rfc8 26. Rxa6 Rxa6 27. Qxa6 Rb8 28. Qc6 Qd8 29. Ra1 Nf8 30. Qc3+ f6
31. Ra7 Ne6 32. Qh3+ Kg8 33. Qg4+ Kf8 34. Qg6 Qe8 35. Qh6+
1-0

[Event "Linares - Wimbledon of chess"]
[Site "SchemingMind.com"]
[Date "2010.10.30"]
[Round "-"]
[White "Uzi Mike"]
[Black "Clive Everill"]
[Result "1-0"]
[WhiteCountry "USA"]
[BlackCountry "CZE"]
[WhiteElo "2258"]
[WhiteRD "72"]
[BlackElo "1684"]
[BlackRD "49"]
[GameID "265113"]

1. d4 f5 2. Nc3 Nf6 3. Bg5 e6 4. e4 fxe4 5. Nxe4 Be7 6. Bxf6 Bxf6 7. Qh5+ g6 8. Qh6 Bxd4 9. O-O-O Bf6 10. h4 b6
11. h5 Bb7 12. Nxf6+ Qxf6 13. hxg6 Qxf2 14. Qxh7 Rxh7 15. gxh7 Be4 16. h8=Q+ Ke7 17. Qg7+ Qf7 18. Qg3 d6 19. Qh4+
1-0

[Event "Linares - Wimbledon of chess"]
[Site "SchemingMind.com"]
[Date "2010.10.29"]
[Round "-"]
[White "Clive Everill"]
[Black "Uzi Mike"]
[Result "0-1"]
[WhiteCountry "CZE"]
[BlackCountry "USA"]
[WhiteElo "1684"]
[WhiteRD "49"]
[BlackElo "2258"]
[BlackRD "72"]
[GameID "265115"]

1. e4 e5 2. Nc3 Nf6 3. f4 d5 4. fxe5 Nxe4 5. Qf3 Nxc3 6. dxc3 Nc6 7. Bf4 g5 8. Bg3 h5 9. h3 h4 10. Bh2 Rg8
11. Bb5 g4 12. Bxc6+ bxc6 13. hxg4 Bxg4 14. Qf6 Qxf6 15. exf6 O-O-O 16. Bf4 Re8+ 17. Kf2 Bc5+ 18. Kf1 Re4 19. Bd2 Re6 20. b4 Rxf6+
21. Ke1 Re8+
0-1

[Event "Linares - Wimbledon of chess"]
[Site "SchemingMind.com"]
[Date "2010.12.16"]
[Round "-"]
[White "Number34"]
[Black "Uzi Mike"]
[Result "0-1"]
[WhiteCountry "USA"]
[BlackCountry "USA"]
[WhiteElo "2358"]
[WhiteRD "73"]
[BlackElo "2289"]
[BlackRD "74"]
[GameID "269786"]

1. e4 e5 2. f4 d5 3. exd5 e4 4. d3 Nf6 5. dxe4 Nxe4 6. Nf3 Bc5 7. Qe2 f5 8. Be3 O-O 9. Bxc5 Nxc5 10. Nc3 Re8
11. Ne5 Nbd7 12. O-O-O Nxe5 13. fxe5 Ne4 14. e6 Nxc3 15. b3 Nxe2+
0-1

[Event "Linares - Wimbledon of chess"]
[Site "SchemingMind.com"]
[Date "2010.12.13"]
[Round "-"]
[White "Uzi Mike"]
[Black "Number34"]
[Result "1/2-1/2"]
[WhiteCountry "USA"]
[BlackCountry "USA"]
[WhiteElo "2200"]
[WhiteRD "73"]
[BlackElo "2389"]
[BlackRD "73"]
[GameID "269790"]

1. e4 c5 2. Nf3 Nc6 3. d4 cxd4 4. Nxd4 Nf6 5. Nc3 e5 6. Ndb5 d6 7. Bg5 a6 8. Na3 b5 9. Nd5 Be7 10. Bxf6 Bxf6
11. c3 Bg5 12. Nc2 Rb8 13. a3 a5 14. h4 Bxh4 15. Nce3 Bg5 16. a4 bxa4 17. Qxa4 Bd7 18. Bb5 Ne7 19. Bxd7+ Qxd7 20. Nc4 Qxa4
21. Rxa4 Nxd5 22. exd5 Ke7 23. Rxa5 Ra8 24. Rxa8 Rxa8 25. Rxh7 Bh6 26. g4 Ra4 27. b4 Ra1+ 28. Ke2 Ra2+ 29. Kd3 Rxf2 30. b5 e4+
31. Kxe4 f5+ 32. gxf5 Rf4+ 33. Kd3 Rxf5 34. Na5 Rxd5+ 35. Kc4 Rc5+ 36. Kb4 Rc8 37. b6 Kf6 38. b7 Rb8 39. Kb5 Kg6 40. Rxh6+ gxh6
41. Kc6 h5 42. Nb3 h4 43. Nd2 h3 44. Nf1 Kf5 45. Kc7 Rxb7+ 46. Kxb7 Ke5=
1/2-1/2